=LDR 00000nam 2200000 4500 =001 INLIS000000001054213 =005 20251128074421 =035 ##$$a 0010-1125000091 =007 ta =008 251128################g##########0#ind## =020 ##$$a 978-623-91151-8-0 =082 ##$$a 899.221 3 =084 ##$$a 899.221 3 CHE n =100 #$$a Chelsea Karina =245 1#$$a Never be alone /$c Chelsea Karina =250 ##$$a cetakan pertama =260 ##$$a Depok :$b Sunset Road,$c 2020 =300 ##$$a 292 halaman ; $c 13 x 19 cm =600 #4$$a Fiksi Indonesia =990 ##$$a 11131113